| 000 | 01222cam a22003377a 4500 | ||
|---|---|---|---|
| 003 | CHAP | ||
| 005 | 20220329135127.0 | ||
| 008 | 971013s1972 r 00010 d | ||
| 010 | _a31347 | ||
| 011 | _a32319 | ||
| 035 | _a36434 | ||
| 040 | _cCHAP | ||
| 090 | _aTesis | ||
| 100 | 0 | 0 |
_aMartín del Campo R., Antonio Carlos. _971701 |
| 245 | 1 | 3 |
_aLa capacidad del agricultor para adoptar tecnología _b: un caso de estudio: productores de maíz de temporal en el área del Plan Puebla |
| 260 |
_aChapingo, Méx. : _bEl autor, _c1972 |
||
| 300 | _a62 h | ||
| 502 | _aTesis (M.C. Esp. en Economía Agrícola) -- ENA. Colegio de Postgraduados. Centro de Economía Agrícola | ||
| 590 |
_aALEPH _b10 _c20130110 _lUCH01 _h1253 |
||
| 590 |
_aBATCH-UPD _b10 _c20130110 _lUCH01 _h2014 |
||
| 590 |
_aBATCH-UPD _b10 _c20130410 _lUCH01 _h1332 |
||
| 590 |
_aBATCH-UPD _b10 _c20130914 _lUCH01 _h1916 |
||
| 590 |
_aCONVERSION _b10 _c20130109 _lUCH01 _h1318 |
||
| 650 | 1 | 4 |
_aAgricultura _xInnovaciones tecnológicas. _91565 |
| 650 | 1 | 4 |
_aPlan Puebla. _988678 |
| 901 | _aBK | ||
| 942 | _cFOLL | ||
| 949 |
_bBC _cTES _d-84031 _eTS1 _i36434 _si |
||
| 949 |
_bBC _cTES _d-84032 _eTS2 _fc.2 _i36434 _si |
||
| 949 |
_bBC _cTES _d-84033 _eTS2 _fc.3 _i36434 _si |
||
| 999 |
_c31347 _d31347 |
||